000 00617nam a2200217 i 4500
001 bgj
100 1 _aGARTON-SPRENGER, Judy
245 1 0 _aShine :
_bactivity book /
_cJudy Garton-Spranger ; Philip Prowse.
260 _aWarszawa :
_bMacmillan Polska,
_c2000.
300 _a95 pp. :
_bill. ;
_c30 cm.
650 9 _aEnglish language
655 _aTextbooks for foreigners
655 _aTextbooks for secondary schools
700 1 _aPROWSE, Philip.
_eco-author
020 _a0333913426
040 _cBPK
041 0 _aeng
920 _a0-333-91342-6
942 _cKS
008 s uk f |000 0 eng
999 _c48468
_d48468
856 _uhttp://koha.tu.koszalin.pl/cgi-bin/koha/opac-detail.pl?biblionumber=48468
_yKatalog online BPK